| 000 | 01773nam a2200217Ia 4500 | ||
|---|---|---|---|
| 999 |
_c41549 _d41549 |
||
| 003 | OSt | ||
| 005 | 20201010110355.0 | ||
| 008 | 160316s2016 xxu||||| |||| 00| 0 eng d | ||
| 020 | _a9780691172132 | ||
| 040 | _cnls | ||
| 082 |
_a332.400000 _bROG |
||
| 100 | _aRogoff Kenneth S | ||
| 245 | _aThe curse of cash | ||
| 260 |
_aPrinceton _bPrinceton University Press _c2016 |
||
| 300 |
_a283p _cix |
||
| 365 | _b Rs. 2,108 | ||
| 505 | _aTable of contents Preface ix Chapter 1: Introduction and Overview 1 PART I: The Dark Side of Paper Currency: Tax and Regulatory Evasion, Crime, and Security Issues Chapter 2: The Early Development of Coins and Paper Currency 15 Chapter 3: Size and Composition of Global Currency Supplies, and the Share Held Abroad 31 Chapter 4: Holdings of Currency in the Domestic, Legal, Tax-Paying Economy 48 Chapter 5: Currency Demand in the Underground Economy 58 Chapter 6: Seigniorage 80 Chapter 7: A Plan for Phasing Out Most Paper Currency 92 PART II: Negative Interest Rates Chapter 8: The Cost of the Zero Bound Constraint 119 Chapter 9: Higher Inflation Targets, Nominal GDP, Escape Clauses, and Fiscal Policy 147 Chapter 10: Other Paths to Negative Interest Rates 158 Chapter 11: Other Possible Downsides to Negative Nominal Policy Rates 175 Chapter 12: Negative Interest Rates as a Violation of Trust and a Step Away from Rule-Based Systems 182 PART III: International Dimensions and Digital Currencies Chapter 13: International Dimensions to Phasing Out Paper Currency 199 Chapter 14: Digital Currencies and Gold 208 Final Thoughts 217 Acknowledgments 221 Appendix 225 Notes 233 References 257 Index 273 | ||
| 650 | _a1. Monetary Policy - Paper Money2. Currency Question - Money3. Interest Rates | ||
| 700 |
_a _a |
||
| 942 |
_2ddc _cBK |
||